000 00896nmc a2200313 a 4500
003 AR-BaBNM
005 20251128204251.0
008 247119s1968 ||||||||||||||000 | spa||
040 _cAR-BaBNM
100 1 _aAnderson Imbert, Enrique
245 1 0 _aAnálisis de "Tabaré"
260 _aBuenos Aires
_bCentro Editor de América Latina
_c1968
300 _a51 p.
490 0 _aEnciclopedia literaria. España e Hispanoamérica
_vv. 23
500 _aContiene referencias bibliográficas en p. 49
600 1 4 _aZorrilla de San Martín, Juan
650 4 _aROMANTICISMO
650 4 _aLITERATURA LATINOAMERICANA
650 4 _aCRITICA LITERARIA
650 4 _aCATOLICISMO
650 4 _aCOSTUMBRES Y TRADICIONES
650 4 _aSIGLO DIECINUEVE
650 4 _aESCRITORES
650 4 _aPOESIA
653 _aLITERATURA URUGUAYA
655 _aLITERATURA
942 _cBK
998 _cMARTIN
999 _c6786
_d6786